| 000 | 00816nam a2200193 i 4500 | ||
|---|---|---|---|
| 001 | 185360 | ||
| 003 | ES-MaACL | ||
| 005 | 20250903084347.0 | ||
| 008 | 160525s1911 gw |||| | ger d | ||
| 110 | 2 |
_aKarl W. Hiersemann (Firma) _9159387 |
|
| 245 | 1 | 0 |
_aKunstgeschichte _b: malerei / skulptur / kupperstich holzschnitt zum teil aus der bibliothek des museumsdirektors Geh. Hofrat Dr. Ruland, Weimar und des vorstands des kunsthist, seminars professor Dr. Riehl. Munchen : 1911 Katalog 400. |
| 260 |
_aLeipzig : _bKarl W. Hiersemann, _c1911. |
||
| 300 |
_a249 p. ; _c21 cm. |
||
| 610 | 2 |
_aKarl W. Hiersemann (Firma)- _vCatálogos. _9158963 |
|
| 650 | 7 |
_aCatálogos de editores- _yS.XX _2 _9169795 |
|
| 650 | 7 |
_aCatálogos de editores- _yS.XX _2 _9169795 |
|
| 852 |
_aES-MaACL _j1512-F-5 |
||
| 999 |
_c185360 _d185360 |
||